000 01670cam a2200433 i 4500
999 _c526123
_d526123
001 20453880
003 NUST
005 20190709042239.0
008 180417s2017 pk a b 000 0 eng
010 _a 2018322317
020 _a9788771472134
025 _aP-E-2018322317; 06
037 _bLibrary of Congress -- Islamabad Overseas Office
038 _aMuhammad Ibrahim
040 _aDLC
_beng
_cDLC
_erda
042 _alcode
_apcc
043 _aa-pk---
_aa-af---
050 0 0 _aBP43.P18
_b.R65 2017
082 _a371.077
_bROL 2018
245 0 4 _aThe role of madrasas :
_bassessing parental choice, financial pipelines and recent developments in religious education in Pakistan & Afghanistan /
_cedited by David Vestenskov.
264 1 _aCopenhagen :
_bRoyal Danish Defence College,
_c2018.
300 _a153 pages :
_bIllustations ;
_c28 cm
336 _atext
_btxt
_2rdacontent
337 _aunmediated
_bn
_2rdamedia
338 _avolume
_bnc
_2rdacarrier
504 _aIncludes bibliographical references.
650 0 _aIslamic religious education
_zPakistan.
_917084
650 0 _aIslamic religious education
_zA fghanistan.
_917085
650 0 _aMadrasahs
_zPakistan.
_917086
650 0 _aMadrasahs
_zAfghanistan.
_917087
650 0 _aTerrorism
_xReligious aspects
_xIslam.
_98478
650 0 _aIslamic fundamentalism
_zPakistan.
_94600
650 0 _aIslamic fundamentalism
_zAfghanistan.
_917088
700 1 _aVestenkov, David,
_eeditor.
_917089
710 1 _aCenter for Global & Strategic Studies.
_917090
906 _a7
_bcbc
_corigode
_d3
_encip
_f20
_gy-gencatlg
942 _2ddc
_cBK